All tracks from Don Toliver albums - Statistiques

Statistiques générales
  • Ce quiz a été pris 45 fois
  • Le résultat moyen est 20 sur 81
Statistiques - réponses
Hint Réponse % Correct
1 No Pole
75%
12 No Idea
66%
14 You
53%
3 Cardigan
50%
2 TORE UP
47%
5 BANDIT
44%
8 Company
44%
4 Flocky Flocky
44%
4 After Party
41%
9 Private Landing
41%
1 Heaven or Hell
38%
1 KRYPTONITE
38%
8 4X4
34%
2 5X
34%
2 Diva
34%
6 Can't Feel My Legs
31%
2 Embarrassed
31%
13 INSIDE
31%
15 LAST LAUGH
31%
1 LoveSickness
31%
11 No Photos
31%
9 2AM
28%
4 ATTITUDE
28%
11 BACKSTREETS
28%
11 Company Pt2
28%
12 DEEP IN THE WATER
28%
2 Euphoria
28%
3 Geronimo
28%
6 GLOCK
28%
7 ICE AGE
28%
10 NEW DROP
28%
9 PURPLE RAIN
28%
16 BOGUS
25%
3 BROTHER STONE
25%
8 Drugs N Hella Melodies
25%
10 Spaceship
25%
3 Way Bigger
25%
5 What You Need
25%
1 XSCAPE
25%
14 5 TO 10
22%
11 AMG
22%
4 Backend
22%
14 Bus Stop
22%
19 DONNY DARKO
22%
20 GEEKED UP
22%
16 HARDSTONE NATIONAL ANTHEM
22%
5 Wasted
22%
8 2 Lil Shorty
19%
4 4Me
19%
15 Cinderella
19%
11 Do It Right
19%
6 Double Standards
19%
5 Go Down
19%
9 Had Enough
19%
3 Leave the Club
19%
12 OUTERSPACE
19%
17 ROCKSTAR GIRL
19%
10 Slow Motion
19%
13 Smoke
19%
6 Time Heals All
19%
7 Candy
16%
1 Diamonds
16%
16 Encouragement
16%
8 Honeymoon
16%
3 Issues
16%
2 Let her Go
16%
18 LOVE IS A DRUG
16%
13 Talk No More
16%
9 Video Girl
16%
15 Crossfaded
13%
6 Holdin'Steel
13%
12 If I Had
13%
7 Leather Coat
13%
4 Luckily I'm Having
13%
12 Run Up
13%
10 Around
9%
7 Bang Bang
9%
10 Get Throwed
9%
5 Mamma Mia
9%
7 Swangin'On Westheimer
9%
13 Compagny Pt. 3
3%
Aucun quiz correspondant
Distribution des résultats
% des personnes avec chaque résultat
Percentile par nombre de réponses
Votre historique - résultats
Vous n’avez pas pris ce quiz